Statistics for Every Premier League Goalscorer for Leicester City

Click here to take the quiz!

General Stats

  • This quiz has been taken 87 times
    (44 since last reset)
  • The average score is 32 of 105

Answer Stats

Player% Correct
Jamie Vardy
100%
Danny Drinkwater
89%
Riyad Mahrez
89%
James Maddison
86%
Kelechi Iheanacho
86%
Wes Morgan
82%
Shinji Okazaki
79%
Wilfred Ndidi
79%
Harvey Barnes
75%
Jonny Evans
75%
Leonardo Ulloa
75%
N'Golo Kanté
75%
Youri Tielemans
75%
Christian Fuchs
71%
Marc Albrighton
71%
Ricardo Pereira
71%
Robert Huth
71%
Cağlar Söyüncü
68%
Patson Daka
64%
Wout Faes
64%
Ben Chilwell
61%
Islam Slimani
61%
Emile Heskey
57%
Andy King
54%
Harry Maguire
54%
Ayoze Pérez
50%
Demarai Gray
50%
Esteban Cambiasso
50%
James Justin
50%
Nampalys Mendy
50%
Timothy Castagne
50%
Kiernan Dewsbury-Hall
46%
Ademola Lookman
39%
Ritchie De Laet
39%
Luke Thomas
36%
Matt Elliott
36%
Muzzy Izzet
36%
Daniel Amartey
32%
David Nugent
32%
Dennis Praet
32%
Matthew Jones
32%
Nathan Dyer
32%
Tetê
32%
Hamza Choudhury
29%
Jeffrey Schlupp
29%
Marcin Wasilewski
29%
Paul Konchesky
29%
Rachid Ghezzal
29%
Robbie Savage
29%
Ade Akinbiyi
25%
Ahmed Musa
25%
Steve Guppy
25%
Steve Walsh
25%
Les Ferdinand
21%
Neil Lennon
21%
Tony Cottee
21%
Vicente Iborra
21%
Chris Wood
18%
Paul Dickov
18%
Andrej Kramarić
14%
Frank Sinclair
14%
Iwan Roberts
14%
Marcus Bent
14%
Steve Claridge
14%
Stuart Wilson
14%
Andy Impey
11%
Dennis Wise
11%
Garry Parker
11%
Gerry Taggart
11%
Julian Watts
11%
Stan Collymore
11%
Theo Zagorakis
11%
Brian Deane
7%
Franz Carr
7%
Julian Joachim
7%
Lilian Nalis
7%
Stefan Oakes
7%
Trevor Benjamin
7%
Arnar Gunnlaugsson
4%
Ben Thatcher
4%
Callum Davidson
4%
Craig Hignett
4%
Darren Eadie
4%
David Lowe
4%
David Oldfield
4%
Dean Sturridge
4%
Gary Rowett
4%
Graham Fenton
4%
Ian Marshall
4%
James Scowcroft
4%
Jamie Lawrence
4%
Jimmy Willis
4%
Mark Blake
4%
Mark Draper
4%
Mark Robins
4%
Matthew Piper
4%
Riccardo Scimeca
4%
Rob Ullathorne
4%
Steve Howey
4%
Ian Ormondroyd
0%
Jon Stevenson
0%
Jordan Stewart
0%
Mike Whitlow
0%
Phil Gee
0%
Phil Gilchrist
0%

Score Distribution

Percentile by Number Answered

Percent of People with Each Score

Your Score History

You have not taken this quiz since the last reset